000 00912nam a2200253Ia 4500
005 20250721081936.0
008 130821s1993 ag gr spa
020 _a950 732 001 6
040 _aCo-BoUCM
_bspa
_cDavid Moreno (modificó)
_dDavid Moreno (modificó)
041 0 0 _aspa
100 1 _aPorter, Katherine Anne
_9144603
245 1 0 _aPálido caballo, pálido jinete
_cKatherine Anne Porter ; traducción de Maribel de Juan
260 _aBuenos Aires (Argentina)
_bEdiciones Destino
_c1993
300 _a220 Páginas
490 0 _aColección Áncora y Delfín
500 _aDonación UCM-C-ARRAYANES
500 _aIncluye índice.
650 _aLiteratura estadounidense
_918653
650 _aNovela estadounidense
_920501
700 1 _aJuand, Maribel de
_9144604
765 1 _tPale horse, pale rider
942 _cLIBRO
_a18
_e1
_mP844p
_2DEWEY
_h813.52
_n0
999 _c76625
_d76625